[Event "ch-USA Online Q Final"]
[Site "chess.com INT"]
[Date "2020.12.17"]
[Round "6.4"]
[White "Swiercz, Dariusz"]
[Black "Tang, Andrew"]
[Result "1-0"]
[WhiteTitle "GM"]
[BlackTitle "GM"]
[WhiteElo "2649"]
[BlackElo "2538"]
[WhiteFideId "1126881"]
[BlackFideId "2059630"]
[EventDate "2020.12.11"]

1. e4 e5 2. Nf3 Nc6 3. Bb5 a6 4. Ba4 Nf6 5. O-O d6 6. Bxc6+ bxc6 7. Re1 c5 8. c3
Be7 9. d4 cxd4 10. cxd4 exd4 11. Nxd4 Bd7 12. Nc3 O-O 13. Bg5 Re8 14. Qd3 h6 15.
Bh4 Qb8 16. b3 Qb7 17. Rad1 c5 18. Nf5 Bxf5 19. exf5 Rad8 20. g3 a5 21. Re2 Ng4
22. Bxe7 Rxe7 23. Rxe7 Qxe7 24. Qe4 Ne5 25. Nd5 Qd7 26. Kg2 Nc6 27. Re1 Nd4 28.
Ne7+ Kh8 29. Qd5 f6 30. Re4 Kh7 31. g4 Re8 32. Qf7 Nc6 33. Qg6+ Kh8 34. Qxe8+
Qxe8 35. Ng6+ 1-0

[Event "ch-USA Online Q Final"]
[Site "chess.com INT"]
[Date "2020.12.18"]
[Round "7.1"]
[White "Swiercz, Dariusz"]
[Black "Hess, Robert"]
[Result "1-0"]
[WhiteTitle "GM"]
[BlackTitle "GM"]
[WhiteElo "2649"]
[BlackElo "2591"]
[WhiteFideId "1126881"]
[BlackFideId "2022036"]
[EventDate "2020.12.11"]

1. e4 c5 2. Nf3 d6 3. d4 cxd4 4. Nxd4 Nf6 5. Nc3 a6 6. Bd3 e5 7. Nde2 Nbd7 8.
O-O b5 9. b4 Bb7 10. Ng3 d5 11. Nxd5 Nxd5 12. exd5 Nf6 13. c4 bxc4 14. Bxc4 Bxd5
15. Bxd5 Qxd5 16. Qc2 Qb7 17. Bb2 Be7 18. Bxe5 O-O 19. Rab1 Rfc8 20. Qb2 Ne8 21.
Rfe1 Rc4 22. a3 Rac8 23. Nf5 Bf8 24. Qe2 Qb5 25. Qf3 a5 26. Ne3 R4c6 27. Qd5 Qa4
28. b5 Rc5 29. Qd4 Qxd4 30. Bxd4 Rh5 31. a4 Rh4 32. Red1 Rd8 33. g4 f6 34. Kg2
h5 35. h3 hxg4 36. hxg4 Bb4 37. f3 Kf7 38. Nf5 Rh8 39. Bb6 Rb8 40. Bf2 Rb7 41.
Rbc1 g6 42. Nd4 Nc7 43. Nc6 Ne6 44. Rc4 g5 45. Bg3 Ra8 46. Nxb4 axb4 47. Rxb4
Nc5 48. Rdd4 Rba7 49. Bd6 Ne6 50. Rdc4 Rd7 51. Rc6 Kg6 52. Re4 Nd8 53. Rb6 Nf7
54. Be7 Rd2+ 55. Kg3 Ra2 56. Rxf6+ Kg7 57. Ra6 Rc8 58. Bf6+ Kh7 59. Rc6 Ra8 60.
Re7 Kg8 61. Rcc7 R8xa4 62. Re8+ Kh7 63. Rxf7+ Kg6 64. Ref8 1-0

[Event "ch-USA Online Q Final"]
[Site "chess.com INT"]
[Date "2020.12.18"]
[Round "7.3"]
[White "Moradiabadi, Elshan"]
[Black "Yoo, Christopher Woojin"]
[Result "1/2-1/2"]
[WhiteTitle "GM"]
[BlackTitle "IM"]
[WhiteElo "2555"]
[BlackElo "2455"]
[WhiteFideId "12501255"]
[BlackFideId "30909694"]
[EventDate "2020.12.11"]

1. Nf3 Nf6 2. c4 e6 3. g3 d5 4. d4 Be7 5. Bg2 O-O 6. Qc2 dxc4 7. Qxc4 a6 8. Bg5
Bd7 9. O-O Bc6 10. Rd1 Nbd7 11. Qc2 h6 12. Bxf6 Nxf6 13. Nc3 Bb4 14. Rac1 Qe7
15. a3 Bxc3 16. Qxc3 Rfd8 17. Bf1 Bxf3 18. Qxf3 c6 19. Qb3 Rd7 20. Rd3 Rad8 21.
Rcd1 h5 22. Bg2 h4 23. Bf3 Ne8 24. Qc3 Nc7 25. Qc4 hxg3 26. hxg3 e5 27. dxe5
Rxd3 28. Rxd3 Rxd3 29. Qxd3 Qxe5 30. Qd8+ Ne8 31. Bg4 Kh7 32. Qd7 Nd6 33. b4 g6
34. Bf3 Kg7 35. Kg2 Kf8 36. Qd8+ Kg7 37. Qc7 Kf8 38. Qb8+ Kg7 39. Qc7 Kf8 40.
Qd8+ Kg7 41. Qd7 Kf8 42. Qd8+ 1/2-1/2

[Event "ch-USA Online Q Final"]
[Site "chess.com INT"]
[Date "2020.12.18"]
[Round "7.4"]
[White "Lenderman, Aleksandr"]
[Black "Gareyev, Timur"]
[Result "1-0"]
[WhiteTitle "GM"]
[BlackTitle "GM"]
[WhiteElo "2624"]
[BlackElo "2606"]
[WhiteFideId "2021285"]
[BlackFideId "14200937"]
[EventDate "2020.12.11"]

1. Nf3 d6 2. d4 Nf6 3. c4 Bf5 4. g3 g6 5. Bg2 Bg7 6. O-O O-O 7. Qb3 Qc8 8. Nc3
Nc6 9. Rd1 Ne4 10. Nd5 a5 11. Qe3 e6 12. Nc3 Nxc3 13. Qxc3 e5 14. Be3 Bg4 15.
dxe5 dxe5 16. Rd2 Re8 17. Rad1 h6 18. Qa3 e4 19. Nd4 Ne5 20. Qa4 Bd7 21. Nb5 Bc6
22. Qb3 a4 23. Qb4 f5 24. Bh3 Nf7 25. Bf4 e3 26. fxe3 g5 27. Qc5 Ne5 28. Na7 Qb8
29. Nxc6 Nxc6 30. Qxf5 gxf4 31. Rd7 Qa7 32. Qf7+ 1-0